| 000 | 00409nam a2200157Ia 4500 | ||
|---|---|---|---|
| 008 | 230312s9999||||xx |||||||||||||| ||und|| | ||
| 020 | _a969-8718-01-X | ||
| 082 |
_a297 _bIRF-W |
||
| 100 | _aعرفان الحق | ||
| 245 | 0 | _aWo Shama … Ujala Jis ny kia (وہ شمع--- اجا لا جس نے کیا) | |
| 260 |
_bBABA _aLahore _c2004 |
||
| 300 | _a255 | ||
| 546 | _aUrdu | ||
| 650 | _aLiterature | ||
| 942 | _cBK | ||
| 999 |
_c68 _d68 |
||